|
|
|
|
| LEADER |
00000nam0a2200000 4500 |
| 001 |
72823 |
| 005 |
20231031083857.0 |
| 035 |
|
|
|a (RuTPU)RU\TPU\book\77656
|
| 090 |
|
|
|a 72823
|
| 100 |
|
|
|a 20050201d1980 k y0rusy50 ca
|
| 101 |
0 |
|
|a rus
|
| 102 |
|
|
|a RU
|
| 105 |
|
|
|a a z 001zy
|
| 200 |
1 |
|
|a Теория фазовых переходов. Строгие результаты
|f Я. Г. Синай
|
| 210 |
|
|
|a Москва
|c Наука
|d 1980
|
| 215 |
|
|
|a 207 с.
|c ил.
|
| 320 |
|
|
|a Библиогр.: с. 200-204.
|
| 610 |
1 |
|
|a математика
|
| 610 |
1 |
|
|a методы исследования
|
| 610 |
1 |
|
|a фазовые переходы
|
| 610 |
1 |
|
|a математическая физика
|
| 610 |
1 |
|
|a метод Пайерлса
|
| 675 |
|
|
|a 536.7
|v 3
|
| 700 |
|
1 |
|a Синай
|b Я. Г.
|g Яков Григорьевич
|
| 801 |
|
1 |
|a RU
|b 63413507
|c 20050201
|g PSBO
|
| 801 |
|
2 |
|a RU
|b 63413507
|c 20080929
|g PSBO
|
| 942 |
|
|
|c BK
|